Biological studies of sambar deer, Cervus unicolor in Peninsular Malaysia /
Saved in:
| 主要作者: | |
|---|---|
| 格式: | Thesis 图书 |
| 语言: | English |
| 出版: |
1991.
|
| 主题: | |
| 标签: |
添加标签
没有标签, 成为第一个标记此记录!
|
| LEADER | 00999cam a2200289 a 4500 | ||
|---|---|---|---|
| 001 | u205357 | ||
| 003 | SIRSI | ||
| 008 | 920714s1991 my a t 00 1 eng m | ||
| 035 | |a AAY-4754 | ||
| 040 | |a UMM | ||
| 043 | |a a-my--- | ||
| 090 | |a QL737 |b U5Pan | ||
| 091 | |a Microfiche 14678 | ||
| 100 | 1 | 0 | |a Pan, Khang Aun. |
| 245 | 1 | 0 | |a Biological studies of sambar deer, Cervus unicolor in Peninsular Malaysia / |c Pan Khang Aun. |
| 260 | |c 1991. | ||
| 300 | |a 208 leaves : |b ill. ; |c 30 cm. | ||
| 500 | |a Microfiche. Kuala Lumpur : University of Malaya Library, 2000. 3 fiches : negative ; 11 x 15 cm. | ||
| 502 | |a Dissertation (M.Sc.) -- Fakulti Sains, Universiti Malaya, 1992. | ||
| 504 | |a Bibliography: leaves 190-208. | ||
| 650 | 0 | |a Deer |z Malaysia. | |
| 650 | 0 | |a Sambar deer. | |
| 650 | 0 | |a Cervus unicolor. | |
| 710 | 2 | 0 | |a Universiti Malaya. |b Fakulti Sains. |
| 948 | |a 14/07/1992 |b 15/07/2002 | ||
| 596 | |a 1 | ||
| 999 | |a QL737 U5PAN |w LC |c 1 |i A011119541 |d 28/8/1998 |l STACKS |m P01UTAMA |n 2 |r Y |s Y |t TESIS |u 14/7/1992 | ||
